| 000 | 00600nam a2200169 a 4500 | ||
|---|---|---|---|
| 001 | 000038583 | ||
| 005 | 20201002031314.0 | ||
| 008 | 130415s1978 mx ac 000 0 spa d | ||
| 040 |
_aDO-SdBNP _bspa _cBNPHU |
||
| 100 | 1 |
_aJuarez Badillo, Eulalio _964926 |
|
| 245 | 1 | 0 |
_aMecánica de suelos : _bteoría y aplicaciones de la mecánica de suelos / _cEulalio Juarez Badillo, Alfonso Rico Rodríguez. |
| 260 |
_aMéxico : _bLimusa, _c1978. |
||
| 300 |
_av. : _bils. ; _c23 cm. |
||
| 500 | _aLa biblioteca posee el tomo II | ||
| 504 | _aBibliografía : p. 552-553 | ||
| 700 | 1 |
_aRico Rodríguez, Alfonso _964927 |
|
| 999 |
_c38073 _d38073 |
||